Entry Toplantı Adı
001 - KONTROL NUMARASI
- Kontrol alanı: 57007
003 - KONTROL NUMARASI KİMLİĞİ
- Kontrol alanı: TR-BiSEU
005 - SON İŞLEM TARİHİ VE ZAMANI
- Kontrol alanı: 20260207002640.0
008 - SABİT UZUNLUKTAKİ VERİ ÖGELERİ - GENEL BİLGİ
- Sabit uzunlukta kontrol alanı: 260207|| aca||aabn | a|a d
040 ## - KATALOGLAMA KAYNAĞI
- Özgün kataloglama kurumu: TR-BiSEU
- Çeviri kurumu: TR-BiSEU
111 ## - KONU BAŞLIKLARI - TOPLANTI ADI
- Toplantı adı: Milli Egemenlik Sempozyumu (11. : 2000 : Edirne)
670 ## - BİLGİNİN KAYNAĞI
- Bilginin alındığı kaynak: KOHA: (TR-BiSEU)28706: Milli Egemenlik Sempozyumu (11. : 2000 : Edirne), XI. Milli egemenlik sempozyumu, 22 Nisan 2000 Edirne..
